000 00657nam a22002057a 4500
005 20150423110736.0
010 _aBAC-EN21 ENG-111696
020 _a9788175349407
_c250.00
035 _aEN-95228
035 _aB-593653-678
037 _bUBH/Ven
_adpl
037 _bDBAD/PUB
082 _a346.540134
245 _aUniversal's women laws /
260 _aDelhi
_bUniversal Law Publishing
_c2014
270 _aA-58, G.T. Karnal Industrial Area,
_bDelhi
_e110033
300 _av, 256p.
_c24cm(Hb)
942 _2ddc
_cEN
_mUNI
_h346.540134
999 _c89316
_d89316